00484nam a2200205Ia 4500008004100000020001800041050001400059100002200073245002800095245002500123260001500148260001600163260000900179300001600188300002600204300001000230300002300240440000700263500000800270170918s9999 xx 000 0 und d a9780545103756 bS857 2008 aStilton, Geronimo aI'm not a supermouse! / cby Geronimo Stilton. aNew York : bScholastic, c2008 a108 pages : bcolor illustrations ; c19cm. eGeronimo Stilton ; a43 a510